00496nam a2200193 a 4500001001300000003000900013005001700022008004100039020001000080082001800090100002200108245001700130260004600147300000800193500003500201505002800236650001600264700002200280nice12345678IN_TiNIC20260116011517.0050524s1925 dela grp 000 0 urd  ac10000a891.4391bAKB aAkbar, Allahabadi aNazm-E-Ilham aDelhi bPayam-E-mashriq Book Depot c1925 a16p aincludes index and biblioraphy2 aHand Written Manuscript aUrdu-Poetry1 aAkbar, Allahabadi